Top 10 Queens Park Rangers Premier League Scorers - Statistics

General Stats
  • This quiz has been taken 49 times
  • The average score is 5 of 13
Answer Stats
Player Goals % Correct
Les Ferdinand 60
82%
Charlie Austin 18
74%
Trevor Sinclair 10
46%
Bobby Zamora 9
38%
Jamie Mackie 9
33%
Djibril Cissé 9
31%
Kevin Gallen 18
31%
Danny Dichio 13
28%
Andy Impey 11
23%
Bradley Allen 20
21%
Gary Penrice 17
18%
Simon Barker 15
15%
Devon White 9
10%
No matching quizzes found
Score Distribution
Percent of People with Each Score
Percentile by Number Answered
Your Score History
You have not taken this quiz